Statistics for AFC Member Countries

Click here to take the quiz!

General Stats

  • This quiz has been taken 39 times
  • The average score is 40 of 47

Answer Stats

Saudi Arabia% Correct
Myanmar
96%
Oman
96%
Qatar
96%
Afghanistan
92%
Indonesia
92%
Iran
92%
Japan
92%
Kuwait
92%
Lebanon
92%
Malaysia
92%
Pakistan
92%
Singapore
92%
Syria
92%
Taiwan
92%
United Arab Emirates
92%
Uzbekistan
92%
Vietnam
92%
Yemen
92%
Bahrain
88%
Bhutan
88%
China
88%
India
88%
Iraq
88%
Jordan
88%
Laos
88%
North Korea
88%
South Korea
88%
Thailand
88%
Bangladesh
85%
Brunei
85%
Kyrgyzstan
85%
Maldives
85%
Nepal
85%
Philippines
85%
Saudi Arabia
85%
Sri Lanka
85%
Tajikistan
85%
Cambodia
81%
Hong Kong
81%
Mongolia
81%
Turkmenistan
81%
East Timor
77%
Australia
69%
Macau
62%
Palestine
62%
Guam
46%
Northern Mariana Islands
38%

Score Distribution

Percentile by Number Answered

Percent of People with Each Score

Your Score History

You have not taken this quiz